El Teatre representat a Barcelona de 1800 a 1830 / Maria Teresa Suero Roca
Descripción Física:
4 v. ; 24 cm
MARC
| LEADER | 00000nam a2200000Ia 4500 | ||
|---|---|---|---|
| 001 | 7551, 7633, 8925, 11763 | ||
| 008 | 160829s1987 - 1990 xx 000 0 cat d | ||
| 080 | |a B-1-267, B-1-268, B-1-269, B-1-270 | ||
| 100 | |a Suero Roca, Teresa |9 30285 | ||
| 245 | |a El Teatre representat a Barcelona de 1800 a 1830 / Maria Teresa Suero Roca | ||
| 260 | |a Barcelona : |b Diputació de Barcelona. Institut del Teatre, |c 1987 - 1990 | ||
| 300 | |a 4 v. ; |c 24 cm | ||
| 490 | |a Col·lecció Estudis de l' Institut del Teatre ; 2 | ||
| 590 | |a Premi Xavier Fàbregas 1986 | ||
| 650 | |a Teatre |x Barcelona |x Història |x 1800/1830 |9 30286 | ||
| 710 | 1 | |a Institut del Teatre (Barcelona, Catalunya) |9 52662 | |
| 901 | |a Arxiu | ||
| 942 | |n 1 | ||
| 952 | |0 0 |1 0 |4 0 |6 B1267_B1268_B1269_B1270 |7 1 |9 45364 |a Arxiu |b Arxiu |d 2016-12-01 |l 0 |o B-1-267, B-1-268, B-1-269, B-1-270 |p 7551, 7633, 8925, 1 |r 2016-12-01 00:00:00 |w 2016-12-01 |y ARXIU | ||
| 999 | |c 48438 |d 48438 | ||